| 000 | nam a22 7a 4500 | ||
|---|---|---|---|
| 999 |
_c29618 _d29618 |
||
| 008 | 180426b xxu||||| |||| 00| 0 eng d | ||
| 020 | _a97811338-08008 | ||
| 050 | _aHB 172 .M36 2012 | ||
| 100 | _aMankin, N Gregory. | ||
| 245 |
_aPrinciple of microeconomics / _cN. Gregory Mankiw. |
||
| 260 |
_aAustralia : _bCengage Learning, _c2012. |
||
| 300 |
_axxiv, 304p. : _bill. ; _c25cm. |
||
| 500 | _aInclude index. | ||
| 650 | _aMicroeconomics. | ||
| 650 | _aMacroeconomics. | ||
| 650 | _aEconomics. | ||
| 942 |
_2lcc _cBOOKS _hHB 172 .M36 2012 |
||